Revolution and evolution, 1848 in German-Jewish history / (Record no. 836)

MARC details
000 -LEADER
fixed length control field 02049cam a2200349 a 4500
001 - CONTROL NUMBER
control field 907876
003 - CONTROL NUMBER IDENTIFIER
control field OSt
005 - DATE AND TIME OF LATEST TRANSACTION
control field 20230608101450.0
008 - FIXED-LENGTH DATA ELEMENTS--GENERAL INFORMATION
fixed length control field 820102s1981 gw b 000 0 eng
010 ## - LIBRARY OF CONGRESS CONTROL NUMBER
LC control number 81189515
015 ## - NATIONAL BIBLIOGRAPHY NUMBER
National bibliography number GFR81
020 ## - INTERNATIONAL STANDARD BOOK NUMBER
International Standard Book Number 3167437529
040 ## - CATALOGING SOURCE
Original cataloging agency DLC
Transcribing agency DLC
Modifying agency DLC
-- OCoLC
043 ## - GEOGRAPHIC AREA CODE
Geographic area code e-gx---
050 00 - LIBRARY OF CONGRESS CALL NUMBER
Classification number DS135.G33
Item number R44
082 00 - DEWEY DECIMAL CLASSIFICATION NUMBER
Classification number 948.2
Item number ROB
245 00 - TITLE STATEMENT
Title Revolution and evolution, 1848 in German-Jewish history /
Statement of responsibility, etc. edited by Werner E. Mosse, Arnold Paucker, Reinhard Rürup.
260 ## - PUBLICATION, DISTRIBUTION, ETC. (IMPRINT)
Place of publication, distribution, etc. Tübingen :
Name of publisher, distributor, etc. Mohr,
Date of publication, distribution, etc. 1981.
300 ## - PHYSICAL DESCRIPTION
Extent xii, 431 ;
Dimensions 24 cm.
440 #0 - SERIES STATEMENT/ADDED ENTRY--TITLE
Title Schriftenreihe wissenschaftlicher Abhandlungen des Leo Baeck Instituts,
International Standard Serial Number 0459-097X ;
Volume/sequential designation 39
504 ## - BIBLIOGRAPHY, ETC. NOTE
Bibliography, etc Includes bibliographical references and indexes.
505 0# - FORMATTED CONTENTS NOTE
Formatted contents note The European revolutions of 1848 and Jewish emancipation / Reinhard Rürup -- Emancipation and population change / Lawrence Schofer -- Emancipation and continuity : German Jews in the rural economy / Monika Richarz -- The German Jews at the start of industrialisation / Avraham Barkai -- Family structure and the position of Jewish women / Julius Carlebach -- Emancipation and the crisis of religious authority : the emergence of the modern rabbinate / Ismar Schorsch -- The 1840s and the creation of the German-Jewish religious reform movement /Steven M. Lowenstein -- German-Jewish social thought in the mid-nineteenth century / Uriel Tal -- Religious dissent and tolerance in the 1840s / Hermann Greive -- Heine's portraits of German and French Jews on the eve of the 1848 Revolution / S.S Prawer -- The revolution of 1848 : Jewish emancipation in Germany and its limits / Werner E. Mosse.
650 #0 - SUBJECT ADDED ENTRY--TOPICAL TERM
Topical term or geographic name as entry element Jews
Geographic subdivision Germany
General subdivision History
Chronological subdivision 1800-1933.
650 #0 - SUBJECT ADDED ENTRY--TOPICAL TERM
Topical term or geographic name as entry element Judaism
Geographic subdivision Germany
General subdivision History
Chronological subdivision 19th century.
651 #0 - SUBJECT ADDED ENTRY--GEOGRAPHIC NAME
Geographic name Germany
General subdivision History
Chronological subdivision Revolution, 1848-1849.
651 #0 - SUBJECT ADDED ENTRY--GEOGRAPHIC NAME
Geographic name Germany
General subdivision Ethnic relations.
700 1# - ADDED ENTRY--PERSONAL NAME
Personal name Mosse, Werner Eugen.
700 1# - ADDED ENTRY--PERSONAL NAME
Personal name Paucker, Arnold.
700 1# - ADDED ENTRY--PERSONAL NAME
Personal name Rürup, Reinhard.
906 ## - LOCAL DATA ELEMENT F, LDF (RLIN)
a 7
b cbc
c orignew
d 2
e ncip
f 19
g y-gencatlg
942 ## - ADDED ENTRY ELEMENTS (KOHA)
Source of classification or shelving scheme Dewey Decimal Classification
Koha item type Books

No items available.

LIBRARY OPENING HOURS

When the Parliament is sitting: 8.00a.m - 7.00p.m or until the house adjourns
Mondays and Fridays and when the House is on Recess:  8.00a.m - 5.00p.m
Closed on Weekends and Public Holidays

Online Public Access Catalog (OPAC)
Website: http://www.parliament.go.ke
Bunge Library: https://libraryir.parliament.go.ke
Contact: library@parliament.go.ke | Tel no: (254-2)2221291 or 2848000 Ext 5043